| 000 | 03134cam a2200409 i 4500 | ||
|---|---|---|---|
| 001 | 22160997 | ||
| 003 | CSPC | ||
| 005 | 20241011095332.0 | ||
| 008 | 210802t20222022maua 001 0 eng d | ||
| 010 | _a 2021944226 | ||
| 020 | _a9780357678091 | ||
| 035 | _a(OCoLC)on1346426398 | ||
| 040 |
_aA1A _beng _cA1A _dDLC _eCSPC |
||
| 042 | _alccopycat | ||
| 050 | 0 | 0 |
_aTK5105.59 _b.C53 2022 |
| 082 | 0 | 4 |
_a005.8076 _223 _bC481c |
| 100 | 1 |
_aCiampa, Mark D., _eauthor. |
|
| 245 | 1 | 0 |
_aCompTIA CySA+ : _bguide to cybersecurity analyst / _cMark Ciampa. |
| 250 | _aSecond edition. | ||
| 264 | 1 |
_aBoston, Massachusetts: _bCengage, _c2022. |
|
| 264 | 4 | _c©2022 | |
| 300 |
_axxi, 352 : _bcolor illustrations ; _c28 cm. |
||
| 336 |
_atext _2rdacontent |
||
| 337 |
_aunmediated _2rdamedia |
||
| 338 |
_avolume _2rdacarrier |
||
| 500 | _a"Information security" - On cover. | ||
| 500 | _aIncludes index. | ||
| 505 | 0 | _aExternal threats and internal vulnerabilities -- Enterprise threats and vulnerabilities -- Utilizing threat data and intelligence -- Vulnerability management -- Cloud computing and assessment tools -- Controls and best practices -- Infrastructure controls -- Software and hardware assurance best practices -- Monitoring and security operations -- Security monitoring through data analysis -- Security operations -- Incident response -- planning and procedures -- Responding to a cyber incident -- Compliance -- Risk mitigation -- Data protection and privacy -- Preparing for the CompTIA CySA+ CS0-002 certification exam -- CompTIA cySA+ CS0-002 certification exam objectives -- Two rights & a wrong: answer. | |
| 520 | _a"Develop the advanced cybersecurity knowledge and skills for success on the latest CompTIA Cybersecurity Analyst certification exam (CySA+ CS0-002) with Ciampa's COMPTIA CYSA+ GUIDE TO CYBERSECURITY ANALYST (CS0-002), 2nd Edition. Updated, 'stair-stepped' content builds on material you've previously mastered as you learn to analyze and interpret threat intelligence data, identify and address both external and internal vulnerabilities and respond effectively to cyber incidents. Each module opens with an actual, recent cybersecurity event that provides context for the information that follows. Quick review questions help test your understanding as you progress through content that completely maps to the latest CySA+ CS0-002 certification. MindTap digital resources offer additional tools to boost understanding and performance. Each module culminates with hands-on Live Virtual Machine Labs that allow you to troubleshoot, practice, explore and try different solutions in a safe, sandbox environment." -- Amazon. | ||
| 650 | 0 |
_aComputer security _xExaminations _vStudy guides. |
|
| 650 | 7 |
_aComputer security _xExaminations. _2fast _0(OCoLC)fst00872489 |
|
| 655 | 7 |
_aStudy guides. _2fast _0(OCoLC)fst01423888 |
|
| 906 |
_a7 _bcbc _ccopycat _d2 _encip _f20 _gy-gencatlg |
||
| 942 |
_2ddc _cBK _h005.8076 _iC481c _kGRD _m2022 _n0 _e23 |
||
| 999 |
_c28372 _d28372 |
||